[Event "Final Mistrzostw Polski Mlodzikow do lat 10 - Chlopcy"]
[Site "Szczyrk"]
[Date "1899-12-30"]
[Round "7.14"]
[White "Kudraszow, Filip"]
[Black "Majcher, Igor"]
[Result "1-0"]
[WhiteTitle "II"]
[BlackTitle "II"]
[WhiteElo "1184"]
[BlackElo "1129"]

1. e4 c5 2. Nf3 d6 3. Bb5+ Bd7 4. Bxd7+ Qxd7 5. c4 Nc6 6. Nc3 g6 7. d4 cxd4 8.
Nxd4 Bg7 9. Be3 Nf6 10. f3 a6 11. O-O e5 12. Nde2 O-O 13. Qd2 Ne8 14. Nd5 Rb8
15. Rfd1 f5 16. Rac1 fxe4 17. Nb6 Qe6 18. fxe4 Rd8 19. Rf1 Nf6 20. Qc2 Qg4 21.
Ng3 Nh5 22. Nxh5 Qxh5 23. Nd5 Rxf1+ 24. Rxf1 Rf8 25. Rxf8+ Kxf8 26. Qf2+ Kg8 27.
Qf3 Qxf3 28. gxf3 Kf7 29. Kf2 Ke6 30. a3 Na5 31. Nb6 Bf6 32. b4 Nc6 33. Nd5 Ne7
34. Nxe7 Kxe7 35. b5 axb5 36. cxb5 d5 37. exd5 Kd6 38. a4 Kxd5 39. a5 Kd6 40.
a6 bxa6 41. bxa6 Kc7 42. Ke2 e4 43. fxe4 g5 44. Kf3 h5 45. h3 g4+ 46. hxg4 hxg4+
47. Kxg4 Kb8 48. Kf5 Bc3 49. Ke6 Be1 50. Kd5 Bg3 51. Bc5 Ka8 52. Bd6 Bh4 53. e5
Ka7 54. e6 Kxa6 55. Kc6 Bf6 56. Bc7 Bg5 57. Kd7 Kb7 58. Bd8 Bxd8 59. Kxd8 Kc6
60. e7 Kb6 61. e8=Q Ka5 62. Qc6 Kb4 63. Kd7 Ka5 64. Qb7 Ka4 65. Kc6 Ka5 66. Qb5#
1-0

[Event "Final Mistrzostw Polski Mlodzikow do lat 10 - Chlopcy"]
[Site "Szczyrk"]
[Date "1899-12-30"]
[Round "7.15"]
[White "Zielen, Stanislaw"]
[Black "Oles, Mateusz"]
[Result "1-0"]
[WhiteTitle "II"]
[BlackTitle "III"]
[WhiteElo "1075"]
[BlackElo "1103"]

1. e4 c5 2. Nf3 Nc6 3. d4 cxd4 4. Nxd4 g6 5. Nc3 Bg7 6. Be3 Nf6 7. Nb3 d6 8. Be2
Bd7 9. Qd2 Qc7 10. Bh6 O-O 11. Bxg7 Kxg7 12. O-O a6 13. a4 Rac8 14. Rfd1 Rfd8
15. f3 Be6 16. Nd5 Bxd5 17. exd5 Ne5 18. Rac1 Nfd7 19. a5 Nc5 20. Nxc5 Qxc5+ 21.
Kh1 Kg8 22. c4 Rc7 23. b4 Qa7 24. Qd4 Qxd4 25. Rxd4 Rdc8 26. Kg1 Kg7 27. f4 Nd7
28. Bg4 f5 29. Be2 Kf6 30. Rd2 h6 31. g3 Ra8 32. Rdc2 Rac8 33. h3 Re8 34. c5 Rec8
35. c6 bxc6 36. dxc6 Nb8 37. b5 axb5 38. Bxb5 d5 39. Kf2 Ke6 40. Re2+ Kd6 41.
a6 Nxc6 42. Bxc6 Rxc6 43. Rce1 Rc2 44. a7 R2c7 45. Re6+ Kd7 46. Rxe7+ Kd8 47.
Rxc7 Kxc7 48. Rc1+ Kb7 49. Rxc8 Kxa7 50. Rd8 g5 51. fxg5 hxg5 52. Rxd5 1-0

[Event "Final Mistrzostw Polski Mlodzikow do lat 10 - Chlopcy"]
[Site "Szczyrk"]
[Date "1899-12-30"]
[Round "7.16"]
[White "Obrycki, Tomasz"]
[Black "Klask, Franciszek"]
[Result "1/2-1/2"]
[WhiteTitle "II"]
[BlackTitle "II"]
[WhiteElo "1223"]
[BlackElo "1061"]

1. e4 c6 2. Nc3 d5 3. Nf3 dxe4 4. Nxe4 Bg4 5. Bc4 e6 6. h3 Bh5 7. Ng3 Bxf3 8. Qxf3
Nf6 9. c3 Bd6 10. d4 Nbd7 11. O-O O-O 12. Bg5 Qc7 13. Ne4 Nxe4 14. Qxe4 Rae8 15.
Bd3 f5 16. Qe2 Bf4 17. Bxf4 Qxf4 18. Bc4 Rf6 19. Qe3 Qxe3 20. fxe3 Kh8 21. Bd3
g6 22. e4 a6 23. Rae1 Rd8 24. exf5 exf5 25. Re7 b5 26. Bc2 c5 27. Rd1 Rd6 28.
Re3 cxd4 29. Red3 Nc5 30. Rxd4 Rxd4 31. Rxd4 Rxd4 32. cxd4 Ne6 33. d5 Nd8 34.
Kf2 Kg7 35. Ke3 Kf6 36. Kd4 Nb7 37. b4 h5 38. Bd3 g5 39. a4 bxa4 40. Bxa6 a3 41.
Kc3 Nd6 42. Kb3 Ke5 43. Kxa3 Kxd5 44. Be2 h4 45. Ka4 Ne4 46. Bf3 Kc4 47. b5 Kc5
48. Ka5 Nd6 49. Be2 Nxb5 50. Bxb5 Kd4 51. Bd7 f4 52. Bc6 Ke3 53. Kb4 Kf2 54. Kc4
Kg3 55. Bf3 g4 56. hxg4 h3 57. gxh3 Kxf3 58. g5 Ke3 59. g6 f3 60. g7 f2 61. g8=Q
f1=Q+ 62. Kc5 Qc1+ 63. Kd6 Qd2+ 64. Ke7 Qb4+ 65. Kf6 Qd6+ 66. Kg7 Qg3+ 67. Kf7
Qxg8+ 68. Kxg8 1/2-1/2

[Event "Final Mistrzostw Polski Mlodzikow do lat 10 - Chlopcy"]
[Site "Szczyrk"]
[Date "1899-12-30"]
[Round "7.17"]
[White "Durzynski, Jan"]
[Black "Kopaczewski, Mateusz"]
[Result "1-0"]
[WhiteTitle "II+"]
[BlackTitle "II"]
[WhiteElo "1170"]
[BlackElo "1086"]

1. d4 Nf6 2. c4 e5 3. d5 Bc5 4. Nc3 O-O 5. a3 a5 6. e4 d6 7. Nf3 h6 8. Bd3 c6 9.
O-O Bg4 10. h3 Bh5 11. Be2 Nbd7 12. Ne1 Bxe2 13. Qxe2 Nh7 14. Nd3 Ba7 15. Qg4
Kh8 16. Qf3 Nc5 17. b4 Nxd3 18. Qxd3 axb4 19. Ne2 Re8 20. Kh1 bxa3 21. Bxa3 cxd5
22. Qxd5 Qh4 23. Bxd6 Ng5 24. Bxe5 Nxe4 25. Bg3 Nxf2+ 26. Rxf2 Bxf2 27. Rxa8 Bxg3
28. Rxe8+ Kh7 29. Qe4+ Qxe4 30. Rxe4 1-0

[Event "Final Mistrzostw Polski Mlodzikow do lat 10 - Chlopcy"]
[Site "Szczyrk"]
[Date "1899-12-30"]
[Round "7.19"]
[White "Jasiulewicz, Kamil"]
[Black "Lassak, Franciszek"]
[Result "1-0"]
[WhiteTitle "II"]
[BlackTitle "II"]
[WhiteElo "1089"]
[BlackElo "1101"]

1. d4 d5 2. c4 e5 3. dxe5 d4 4. a3 Be6 5. e3 Nc6 6. Nf3 Bg4 7. Be2 Qd7 8. exd4
Bxf3 9. Bxf3 Nge7 10. Bf4 Qxd4 11. Qxd4 Nxd4 12. Be4 O-O-O 13. Nd2 h6 14. Be3
f5 15. exf6 gxf6 16. Bxd4 Rxd4 17. g4 Bg7 18. f3 Rhd8 19. Rd1 f5 20. gxf5 Bf6
21. h4 Nc6 22. Bd5 Bxh4+ 23. Ke2 Bg5 24. Ne4 Rxd1 25. Rxd1 Ne7 26. Be6+ Rd7 27.
Rxd7 b6 28. Rxe7+ Kb7 29. Nxg5 hxg5 30. Bd5+ Ka6 31. Rxc7 g4 32. fxg4 b5 33. Rc6+
Kb7 34. cxb5 Kb8 35. f6 a5 36. f7 Ka7 37. f8=Q a4 38. Ra6# 1-0

[Event "Final Mistrzostw Polski Mlodzikow do lat 10 - Chlopcy"]
[Site "Szczyrk"]
[Date "1899-12-30"]
[Round "7.20"]
[White "Adamala, Tomasz"]
[Black "Wesolowski, Jeremi"]
[Result "1-0"]
[WhiteTitle "II"]
[BlackTitle "II"]
[WhiteElo "1049"]
[BlackElo "1142"]

1. e4 e5 2. Nf3 Nf6 3. Nxe5 d6 4. Nf3 Nxe4 5. Nc3 Nxc3 6. dxc3 Nc6 7. Be3 Be7 8.
Qd2 Be6 9. O-O-O O-O 10. Kb1 Ne5 11. Rg1 Bf6 12. Nxe5 Bxe5 13. Bd3 Qd7 14. Rdf1
Bf5 15. Bxf5 Qxf5 16. f4 Bf6 17. g4 Qd7 18. g5 Be7 19. f5 f6 20. Qd5+ Kh8 21.
g6 h6 22. Bxh6 c6 23. Qc4 gxh6 24. g7+ Kh7 25. gxf8=N+ Bxf8 26. Qg8# 1-0

[Event "Final Mistrzostw Polski Mlodzikow do lat 10 - Chlopcy"]
[Site "Szczyrk"]
[Date "1899-12-30"]
[Round "7.21"]
[White "Ziobrowski, Wojciech"]
[Black "Futyma, Dawid"]
[Result "0-1"]
[WhiteTitle "II"]
[BlackTitle "II+"]
[WhiteElo "1048"]
[BlackElo "1245"]

1. e4 c5 2. Nf3 Nc6 3. d4 cxd4 4. Nxd4 g6 5. Nc3 Bg7 6. Be3 d6 7. Be2 Nf6 8. O-O
O-O 9. Qd2 Bd7 10. f3 Re8 11. Ndb5 a6 12. Nd4 Rc8 13. Rae1 Qc7 14. Nb3 Be6 15.
Nd5 Bxd5 16. exd5 Ne5 17. c3 Nc4 18. Bxc4 Qxc4 19. Rd1 Qa4 20. Qc2 Qb5 21. Qd3
Qxd3 22. Rxd3 Nd7 23. Bd4 Nc5 24. Nxc5 Bxd4+ 25. Rxd4 Rxc5 26. Kf2 Kg7 27. Ke3
h5 28. Kd2 a5 29. b3 b5 30. Rc1 Ra8 31. c4 b4 32. Kc2 Rc7 33. Kb2 a4 34. Ra1 Rca7
35. Rdd1 axb3 36. axb3 Rxa1 37. Rxa1 Rxa1 38. Kxa1 Kf6 39. Kb2 Ke5 40. Kc2 Kd4
41. Kd2 g5 42. h3 h4 0-1

[Event "Final Mistrzostw Polski Mlodzikow do lat 10 - Chlopcy"]
[Site "Szczyrk"]
[Date "1899-12-30"]
[Round "7.22"]
[White "Hartlinski, Tomasz"]
[Black "Krawczyk, Eryk"]
[Result "1-0"]
[WhiteTitle "II"]
[BlackTitle "III"]
[WhiteElo "1155"]
[BlackElo "1020"]

1. e4 e5 2. Nf3 Nc6 3. d4 exd4 4. Nxd4 Nxd4 5. Qxd4 Nf6 6. e5 Qe7 7. Be3 c5 8.
exf6 gxf6 9. Qd2 b6 10. Nc3 Bb7 11. O-O-O O-O-O 12. Bf4 d5 13. Qe2 d4 14. Qxe7
Bxe7 15. Nb5 a6 16. Na3 Rhg8 17. Nc4 Bxg2 18. Bxg2 Rxg2 19. Bg3 b5 20. Na3 f5
21. Rdf1 1-0

[Event "Final Mistrzostw Polski Mlodzikow do lat 10 - Chlopcy"]
[Site "Szczyrk"]
[Date "1899-12-30"]
[Round "7.24"]
[White "Komendecki, Grzegorz"]
[Black "Kostrzewski, Dawid"]
[Result "1/2-1/2"]
[WhiteTitle "II"]
[BlackTitle "III"]
[WhiteElo "1113"]
[BlackElo "1032"]

1. e4 e6 2. d4 d5 3. Bd3 dxe4 4. Bxe4 Nf6 5. Bf3 Bd6 6. Nc3 c6 7. Nge2 Qc7 8. g3
Nbd7 9. O-O Nb6 10. Re1 Bd7 11. Bf4 O-O-O 12. a4 Rdg8 13. b4 Bxf4 14. Nxf4 g5
15. Nd3 h5 16. Kg2 h4 17. Rh1 h3+ 18. Kf1 Nfd5 19. Nxd5 Nxd5 20. Qe2 f5 21. Qe5
Qxe5 22. dxe5 g4 23. Bxd5 cxd5 24. Nf4 Kb8 25. Ke2 Rc8 26. Kd3 Rc4 27. c3 Rhc8
28. Rhc1 Re4 29. Re1 Rec4 30. Rec1 d4 31. Rab1 dxc3 32. Rb3 Bxa4 33. Rbxc3 Rxc3+
34. Rxc3 Rxc3+ 35. Kxc3 Bd7 36. Kc4 Kc7 37. Kc5 b6+ 38. Kc4 a5 39. b5 Kd8 40.
Ng6 Ke8 41. Nf4 Kf7 42. Ne2 a4 43. Nc3 a3 44. Kb3 a2 1/2-1/2

[Event "Final Mistrzostw Polski Mlodzikow do lat 10 - Chlopcy"]
[Site "Szczyrk"]
[Date "1899-12-30"]
[Round "7.28"]
[White "Lewek, Jakub"]
[Black "Boryna, Szymon"]
[Result "1-0"]
[WhiteTitle "II"]
[BlackTitle "II"]
[WhiteElo "1155"]
[BlackElo "1008"]

1. e4 c5 2. Nc3 a6 3. g3 b5 4. Bg2 Bb7 5. d3 e6 6. Nf3 d5 7. exd5 exd5 8. d4 c4
9. O-O Bb4 10. Ne2 Ne7 11. c3 Ba5 12. Re1 O-O 13. Bg5 Nbc6 14. Ne5 f6 15. Nxc6
Nxc6 16. Bd2 Bc7 17. Bf4 Re8 18. Bxc7 Qxc7 19. Bxd5+ Kh8 20. Nf4 Qd6 21. Qh5 Ne7
22. Bxb7 Ra7 23. Qxe8+ Ng8 24. Bd5 Rf7 25. Bxf7 Qf8 26. Qxf8 1-0

[Event "Final Mistrzostw Polski Mlodzikow do lat 10 - Chlopcy"]
[Site "Szczyrk"]
[Date "1899-12-30"]
[Round "7.32"]
[White "Seo, Ian"]
[Black "Krogulski, Maksymilian"]
[Result "1-0"]
[WhiteTitle "II"]
[BlackTitle "II"]
[WhiteElo "1129"]
[BlackElo "1250"]

1. e4 c5 2. c4 e6 3. Nf3 d5 4. exd5 exd5 5. cxd5 Qxd5 6. Nc3 Qd8 7. d4 cxd4 8.
Nxd4 a6 9. Be2 Be7 10. Be3 Nf6 11. O-O O-O 12. Rc1 Nbd7 13. Qc2 Ne5 14. Rfd1 Qc7
15. Qb3 Nc6 16. Nd5 Nxd5 17. Qxd5 Rd8 18. Qe4 Bd6 19. h3 Bd7 20. Bd3 g6 21. Bh6
Re8 22. Qh4 Be7 23. Qe4 Bf6 24. Qd5 Be6 25. Nxe6 fxe6 26. Qb3 Bd4 27. Be4 Qf7
28. Qg3 Bxb2 29. Bxc6 bxc6 30. Rxc6 Qf5 31. Qc7 Be5 32. Qd7 Qf7 33. f4 Re7 34.
Rc8+ Rxc8 35. Qxc8+ Re8 36. Rd8 Bd4+ 37. Kh1 Qxf4 38. Rxe8+ Kf7 39. Rf8+ Ke7 40.
Qd8# 1-0

[Event "Final Mistrzostw Polski Mlodzikow do lat 10 - Chlopcy"]
[Site "Szczyrk"]
[Date "1899-12-30"]
[Round "7.34"]
[White "Piechocki, Krystian"]
[Black "Michalik, Stanislaw"]
[Result "1-0"]
[WhiteTitle "III"]
[BlackTitle "II"]
[WhiteElo "1159"]
[BlackElo "1226"]

1. e4 e6 2. d4 d5 3. Nc3 Bb4 4. exd5 exd5 5. Bd3 Nf6 6. h3 O-O 7. Nf3 Re8+ 8. Be3
Bd7 9. O-O Nc6 10. Bg5 Bd6 11. Nxd5 Be7 12. Nxe7+ Qxe7 13. Re1 Qd6 14. Qd2 Kh8
15. c3 Re6 16. Kf1 Rae8 17. Bf4 Rxe1+ 18. Rxe1 Rxe1+ 19. Kxe1 Qe6+ 20. Kf1 Nd5
21. Be5 f6 22. Bh2 a6 23. Qe2 g5 24. Qxe6 Bxe6 25. c4 Ndb4 26. Be2 Bd7 27. a3
Nc2 28. d5 N6d4 29. Nxd4 Nxd4 30. Bxc7 b5 31. c5 Nb3 32. c6 Bc8 33. d6 Nd2+ 34.
Ke1 Nc4 35. d7 Bxd7 36. cxd7 Nd6 37. d8=Q+ Kg7 38. Bxd6 Kh6 39. Qg8 g4 40. Bxg4
b4 41. Bf8# 1-0

[Event "Final Mistrzostw Polski Mlodzikow do lat 10 - Chlopcy"]
[Site "Szczyrk"]
[Date "1899-12-30"]
[Round "8.1"]
[White "Suska, Szymon"]
[Black "Sowinski, Pawel"]
[Result "1/2-1/2"]
[WhiteTitle "II+"]
[BlackTitle "I++"]
[WhiteElo "1416"]
[BlackElo "1824"]

1. e4 d5 2. exd5 Qxd5 3. Nc3 Qa5 4. d4 Nf6 5. Bc4 Bg4 6. f3 Bh5 7. Bd2 c6 8. Nd5
Qd8 9. Nxf6+ exf6 10. Qe2+ Qe7 11. O-O-O Nd7 12. Re1 Qxe2 13. Nxe2 O-O-O 14. Nf4
Nb6 15. Bb3 Bg6 16. Nxg6 fxg6 17. c3 Bd6 18. Re6 Nd5 19. c4 Nc7 20. Re4 b6 21.
g3 Kb7 22. Rhe1 Rd7 23. Bc3 Rhd8 24. Bc2 f5 25. R4e2 Bf8 26. f4 b5 27. b3 a6 28.
h3 Rf7 29. Rd1 b4 30. Bb2 Be7 31. Kb1 Bf6 32. Red2 Rfd7 33. Re1 Kc8 34. Red1 a5
35. g4 fxg4 36. hxg4 Ne6 37. Be4 Kc7 38. f5 Nxd4 39. Bxd4 Rxd4 40. Rxd4 Rxd4 41.
Rxd4 Bxd4 42. fxg6 h6 43. Kc2 c5 44. Kd2 Kd6 45. Ke2 Ke5 46. Kf3 Bb2 47. Bc6 Bc1
48. Bd7 Kd4 49. Ba4 Ke5 50. Bc6 Bb2 51. Bd7 Kf6 52. Be8 Bd4 53. Kf4 Bb2 54. Ke4
Kg5 55. Kf3 Kh4 56. Bf7 Kg5 57. Be8 Kf6 58. Kf4 Bc1+ 59. Ke4 Ke6 60. Bf7+ Kf6
61. Be8 1/2-1/2

[Event "Final Mistrzostw Polski Mlodzikow do lat 10 - Chlopcy"]
[Site "Szczyrk"]
[Date "1899-12-30"]
[Round "8.2"]
[White "Kaszuba, Michal"]
[Black "Wojtacha, Krzysztof"]
[Result "0-1"]
[WhiteTitle "II"]
[BlackTitle "I"]
[WhiteElo "1370"]
[BlackElo "1524"]

1. e4 c5 2. f4 d5 3. Bb5+ Bd7 4. Bxd7+ Qxd7 5. e5 Nc6 6. Nf3 e6 7. d3 Nge7 8. c3
Nf5 9. O-O O-O-O 10. Na3 f6 11. Nc2 fxe5 12. fxe5 d4 13. c4 Be7 14. a3 Rdg8 15.
b4 b6 16. Bd2 g5 17. b5 Nd8 18. a4 Nf7 19. Qe2 g4 20. Nfe1 Qb7 21. a5 Bd8 22.
axb6 Bxb6 23. Ba5 h5 24. Bxb6 axb6 25. Ra6 Kc7 26. Qe4 Ng5 27. Qe2 Ra8 28. Qd2
Rhg8 29. Rxa8 Qxa8 30. Qc1 Qa2 31. Qa3 Qxa3 32. Nxa3 Ra8 33. Nec2 Nf7 34. Re1
Kd7 35. Kf2 Ke7 36. g3 Ng5 37. Re2 Nf3 38. Kg2 Ne3+ 39. Nxe3 Rxa3 40. Nf1 Rxd3
41. Ra2 Rc3 42. Ra7+ Kd8 43. Rb7 Rc2+ 44. Kh1 Rf2 45. h4 gxh3 46. g4 Rxf1# 0-1

[Event "Final Mistrzostw Polski Mlodzikow do lat 10 - Chlopcy"]
[Site "Szczyrk"]
[Date "1899-12-30"]
[Round "8.3"]
[White "Butkiewicz, Jan"]
[Black "Zmarzly, Wiktor"]
[Result "0-1"]
[WhiteTitle "II"]
[BlackTitle "II"]
[WhiteElo "1203"]
[BlackElo "1388"]

1. Nf3 c5 2. d4 cxd4 3. Nxd4 d5 4. Nc3 Nf6 5. e3 a6 6. a3 e5 7. Nf3 Nc6 8. b4 Be6
9. Bb2 Bd6 10. g3 Bg4 11. Be2 e4 12. Nd4 Bxe2 13. Ncxe2 Ne5 14. Ng1 Nc4 15. Qc1
Qd7 16. h4 Rc8 17. Nge2 Ne5 18. Nf4 Nc4 19. Nde2 Be5 20. Bxe5 Nxe5 21. Nd4 Nc6
22. Nfe2 Nxd4 23. Nxd4 Ng4 24. Qd2 Ne5 25. Qe2 Rc4 26. Qh5 Qe7 27. g4 g6 28. Qh6
Nxg4 29. Qf4 Ne5 30. h5 Rxc2 31. Qg3 Nd3+ 32. Kd1 Rxf2 33. Qb8+ Qd8 34. Qxb7 Qd7
35. Qxd7+ Kxd7 36. hxg6 fxg6 37. b5 axb5 38. Nxb5 h5 39. Nd4 Rhf8 40. Rb1 Rf1+
41. Rxf1 Rxf1+ 42. Kc2 Rxb1 43. Kxb1 h4 44. Ne2 h3 45. Ng3 Nf2 0-1

[Event "Final Mistrzostw Polski Mlodzikow do lat 10 - Chlopcy"]
[Site "Szczyrk"]
[Date "1899-12-30"]
[Round "8.4"]
[White "Lecki, Leonard"]
[Black "Prokopiuk, Jakub"]
[Result "0-1"]
[WhiteTitle "II"]
[BlackTitle "II"]
[WhiteElo "1373"]
[BlackElo "1188"]

1. e4 c5 2. Nc3 Nc6 3. f4 d6 4. Nf3 Nf6 5. Bc4 e6 6. d3 Be7 7. O-O Qc7 8. f5 h6
9. Qe1 Bd7 10. Nb5 Qb6 11. a4 a6 12. Nc3 O-O-O 13. Qe2 Rhf8 14. Bd2 exf5 15. a5
Qc7 16. exf5 Bxf5 17. Rfb1 Bg4 18. Na4 Nd4 19. Qd1 Qc6 20. Nxd4 cxd4 21. Qf1 Be6
22. b4 Kb8 23. Ra2 Bxc4 24. dxc4 Ne4 25. Be1 d5 26. Nb6 dxc4 27. Nxc4 Qb5 28.
Qf4+ Ka7 29. Na3 Qd5 30. Rab2 Bd6 31. Qf1 Qh5 32. g3 Qg5 33. Nc4 Qb5 34. Qd3 Nf6
35. Qxd4+ Ka8 36. Nxd6 Qc6 37. Bf2 Kb8 38. Qa7+ Kc7 39. Bb6+ Kxd6 40. Bc7+ Kxc7
41. b5 Ra8 42. Qxa8 Qc5+ 43. Kh1 Rxa8 44. bxa6 Qc6+ 45. Kg1 Qxa6 46. Rb6 Qxa5
47. Rxb7+ Kc6 48. c4 Qc5+ 49. Kh1 Ra7 50. Rb8 Qxc4 51. R1b6+ Kc7 52. Rb1 Qe4+
53. Kg1 Qd4+ 54. Kf1 Ra1 55. R8b7+ Kc6 56. Ke1 Rxb1+ 57. Rxb1 Qe4+ 58. Kf2 Ng4+
59. Kg1 Qe3+ 60. Kg2 Qe4+ 61. Kg1 Qxb1+ 62. Kg2 Nxh2 63. Kxh2 Qf1 64. g4 Qf3 65.
g5 hxg5 66. Kg1 Qe2 67. Kh1 Kd5 68. Kg1 Ke4 69. Kh1 Kf3 70. Kg1 Qg2# 0-1

[Event "Final Mistrzostw Polski Mlodzikow do lat 10 - Chlopcy"]
[Site "Szczyrk"]
[Date "1899-12-30"]
[Round "8.5"]
[White "Pawelski, Tomasz"]
[Black "Tim, Wojciech"]
[Result "0-1"]
[WhiteTitle "II"]
[BlackTitle "II"]
[WhiteElo "1107"]
[BlackElo "1004"]

1. e4 e6 2. d4 d5 3. Nd2 dxe4 4. Nxe4 Bd7 5. Nf3 Bc6 6. Ned2 Nd7 7. c3 Ngf6 8.
Bd3 Be7 9. O-O O-O 10. Re1 b6 11. Nf1 Bb7 12. Ng3 c5 13. Be3 Qc7 14. dxc5 Nxc5
15. Bc2 Rad8 16. Qc1 Bc6 17. Nd4 Qb7 18. Nxc6 Qxc6 19. Bg5 Rd7 20. Qf4 Nd3 21.
Bxd3 Rxd3 22. Rad1 Rdd8 23. Bxf6 Bxf6 24. Nh5 Be7 25. Qg4 g6 26. Nf4 Bf6 27. h3
Bg7 28. Rc1 Rd2 29. Re2 Rxe2 30. Qxe2 Bh6 31. Qe5 f6 32. Qxe6+ Qxe6 33. Nxe6 Bxc1
34. Nxf8 Kxf8 35. b3 Ke7 36. Kf1 Bb2 37. c4 Kd6 0-1

[Event "Final Mistrzostw Polski Mlodzikow do lat 10 - Chlopcy"]
[Site "Szczyrk"]
[Date "1899-12-30"]
[Round "8.6"]
[White "Ochedzan, Filip"]
[Black "Karaszewski, Gabriel"]
[Result "0-1"]
[WhiteTitle "II"]
[BlackTitle "II"]
[WhiteElo "1596"]
[BlackElo "1614"]

1. e4 c5 2. Nf3 Nc6 3. d4 cxd4 4. Nxd4 Nf6 5. Nc3 d6 6. Bg5 e6 7. Qd2 a6 8. O-O-O
Bd7 9. f4 Be7 10. Be2 b5 11. Bf3 Rc8 12. Rhe1 h6 13. Bxf6 gxf6 14. a3 Qc7 15.
f5 Ne5 16. Be2 Qa5 17. Nb3 Qb6 18. g4 Bf8 19. Qd4 Qxd4 20. Rxd4 Rg8 21. h3 h5
22. fxe6 fxe6 23. gxh5 Rg3 24. Kb1 Rxh3 25. a4 bxa4 26. Nxa4 Bb5 27. Bxb5+ axb5
28. Nc3 Rxh5 29. Rf1 Ng4 30. Rb4 Rc4 31. Rxc4 bxc4 32. Nd2 d5 33. exd5 exd5 34.
Rf4 Bh6 35. Rxg4 Bxd2 36. Nb5 Kd7 37. Nd4 Be3 38. c3 Kd6 39. Rg2 Bxd4 40. cxd4
Rh4 41. Rd2 Re4 42. Kc2 Re3 43. Rf2 Ke6 44. Kc1 Rd3 45. Rf4 Kf7 46. Rg4 f5 47.
Rf4 Kg6 48. Kc2 Kg5 49. Rf2 Rxd4 50. Kc3 Rd3+ 51. Kb4 f4 52. Kc5 f3 53. Rxf3 Rxf3
54. Kxd5 Rf4 55. Kc5 Kg4 56. Kb4 Kf3 57. b3 cxb3+ 58. Kxb3 Ke3 59. Kc3 Rd4 60.
Kb2 Rd3 61. Ka1 Rd2 62. Kb1 Kd3 63. Ka1 Kc3 64. Kb1 Kb3 65. Ka1 Rd1# 0-1

[Event "Final Mistrzostw Polski Mlodzikow do lat 10 - Chlopcy"]
[Site "Szczyrk"]
[Date "1899-12-30"]
[Round "8.7"]
[White "Grobelny, Mikolaj"]
[Black "Kudraszow, Filip"]
[Result "1-0"]
[WhiteTitle "II+"]
[BlackTitle "II"]
[WhiteElo "1477"]
[BlackElo "1184"]

1. e4 c5 2. Nf3 Nc6 3. d4 cxd4 4. Nxd4 g6 5. c4 Bg7 6. Be3 Nf6 7. Nc3 Ng4 8. Qxg4
Nxd4 9. Qd1 Ne6 10. Rc1 Qa5 11. Qd2 b6 12. Be2 Bb7 13. f3 g5 14. O-O h5 15. Rfd1
d6 16. a3 Be5 17. b4 Qxa3 18. Nb5 Qb2 19. Rc2 Qb3 20. c5 bxc5 21. bxc5 a6 22.
Bc4 Qa4 23. cxd6 Bxd6 24. Nxd6+ exd6 25. Bxe6 fxe6 26. Rc7 Qb3 27. Qxd6 Qxe3+
28. Kh1 Rh7 29. Rxh7 Qa3 30. Qd7+ Kf8 31. Qf7# 1-0

[Event "Final Mistrzostw Polski Mlodzikow do lat 10 - Chlopcy"]
[Site "Szczyrk"]
[Date "1899-12-30"]
[Round "8.8"]
[White "Kozak, Karol"]
[Black "Oglaza, Dawid"]
[Result "1-0"]
[WhiteTitle "II"]
[BlackTitle "II"]
[WhiteElo "1271"]
[BlackElo "1320"]

1. e4 c5 2. Nf3 d6 3. d4 cxd4 4. Nxd4 Nf6 5. Nc3 Nc6 6. Bg5 e6 7. Qd2 a6 8. O-O-O
Be7 9. f3 Bd7 10. Kb1 Qc7 11. g4 O-O-O 12. h3 h6 13. Be3 Kb8 14. Qf2 e5 15. Nxc6+
Qxc6 16. Nd5 Nxd5 17. exd5 Qc8 18. Rd3 Bb5 19. Rc3 Qd7 20. Bxb5 Qxb5 21. Rd1 Rc8
22. Rb3 Qd7 23. Qe2 Ka8 24. Bf2 Qc7 25. Bb6 Qd7 26. Bg1 Qc7 27. Qf2 Qb8 28. Ra3
Bd8 29. Qe2 Qc7 30. Rdd3 Be7 31. Rdc3 Qd7 32. Rxa6+ Kb8 33. Raa3 Rxc3 34. Rxc3
Rc8 35. Rxc8+ Kxc8 36. Qc4+ Kd8 37. Bb6+ Ke8 38. Qc7 Qxc7 39. Bxc7 Kd7 40. Bb6
Bg5 41. c4 g6 42. Kc2 f5 43. Kd3 h5 44. gxf5 gxf5 45. b4 Be7 46. a4 Bd8 47. Bxd8
Kxd8 48. c5 Kd7 49. h4 Kc7 50. Ke2 Kd7 51. Ke3 Kc7 52. Kd3 Kd7 53. a5 dxc5 54.
bxc5 Kc7 55. Ke3 Kc8 56. Kd3 Kc7 57. Kc4 Kc8 58. d6 e4 59. fxe4 f4 60. e5 Kd7
61. Kd4 Ke6 62. a6 bxa6 63. c6 a5 64. c7 Kd7 65. e6+ Kc8 66. e7 1-0

[Event "Final Mistrzostw Polski Mlodzikow do lat 10 - Chlopcy"]
[Site "Szczyrk"]
[Date "1899-12-30"]
[Round "8.9"]
[White "Niesyt, Michal"]
[Black "Zielen, Stanislaw"]
[Result "1/2-1/2"]
[WhiteTitle "II+"]
[BlackTitle "II"]
[WhiteElo "1319"]
[BlackElo "1075"]

1. e4 e5 2. Bc4 Nf6 3. d4 d6 4. Nc3 exd4 5. Qxd4 Nc6 6. Qd1 Ne5 7. Bb3 Be6 8. Bxe6
fxe6 9. Bg5 Be7 10. f4 Ng6 11. Nf3 O-O 12. O-O Nd7 13. Nd4 Nc5 14. Bxe7 Qxe7 15.
f5 exf5 16. exf5 Qe3+ 17. Kh1 Ne7 18. Re1 Qg5 19. b4 Nd7 20. Ne6 Qf6 21. Nxf8
Rxf8 22. Ne4 Qxf5 23. Nxd6 cxd6 24. Rxe7 Ne5 25. Qe2 Qf6 26. Rxb7 Nd3 27. Rb1
Nf2+ 28. Kg1 Qd4 29. Rf1 Nh3+ 30. Kh1 Rxf1+ 31. Qxf1 Nf2+ 32. Kg1 1/2-1/2

[Event "Final Mistrzostw Polski Mlodzikow do lat 10 - Chlopcy"]
[Site "Szczyrk"]
[Date "1899-12-30"]
[Round "8.10"]
[White "Klim, Juliusz"]
[Black "Balis, Sebastian"]
[Result "1-0"]
[WhiteTitle "II"]
[BlackTitle "II"]
[WhiteElo "1276"]
[BlackElo "1275"]

1. e4 c5 2. Nf3 e6 3. d4 cxd4 4. Nxd4 a6 5. c4 Nf6 6. Nc3 Bb4 7. Qd3 Qc7 8. a3
Bxc3+ 9. Qxc3 O-O 10. Qd3 d6 11. Be2 Nbd7 12. b4 Ne5 13. Qc2 Bd7 14. f4 Ng6 15.
O-O Rac8 16. Bb2 Qb8 17. Qd3 d5 18. cxd5 Nxf4 19. Qf3 e5 20. Bd1 h6 21. h3 Rfe8
22. Ne2 Bb5 23. Re1 Nd3 24. Bc3 Nxe1 25. Bxe1 Qd6 26. Ng3 g6 27. Bd2 Kg7 28. Qe3
Rh8 29. h4 Bd7 30. h5 Bg4 31. Bxg4 Nxg4 32. Qf3 Nf6 33. hxg6 fxg6 34. Be3 Rcf8
35. Bc5 Qd7 36. Bxf8+ Rxf8 37. Rc1 Nxd5 38. Qd3 Nf6 39. Qxd7+ Nxd7 40. Rc7 Rf7
41. Rxb7 Kf6 42. Kf2 Ke6+ 43. Ke3 Rf8 44. Ra7 Nb8 45. a4 Kd6 46. Rg7 Rf6 47. Rh7
h5 48. Rb7 Nd7 49. Ne2 Kc6 50. Ra7 Nb8 51. Nc3 Kb6 52. Re7 Nc6 53. Nd5# 1-0

[Event "Final Mistrzostw Polski Mlodzikow do lat 10 - Chlopcy"]
[Site "Szczyrk"]
[Date "1899-12-30"]
[Round "8.12"]
[White "Durzynski, Jan"]
[Black "Mielcuch, Karol"]
[Result "0-1"]
[WhiteTitle "II+"]
[BlackTitle "II"]
[WhiteElo "1170"]
[BlackElo "1143"]

1. e4 c6 2. d4 d5 3. Nc3 f6 4. Nf3 Bg4 5. Be2 Bxf3 6. Bxf3 e5 7. dxe5 fxe5 8. exd5
Nf6 9. O-O Bc5 10. dxc6 Nxc6 11. Qe2 Qe7 12. Bxc6+ bxc6 13. Be3 Bd6 14. Kh1 O-O
15. Qc4+ Kh8 16. Qxc6 Ng4 17. h3 Rac8 18. Qa4 Nf6 19. Qxa7 Rc7 20. Qa6 e4 21.
Qe2 Rb7 22. Rab1 Qe5 23. g3 Qe6 24. Kh2 Ra8 25. Bg5 Re7 26. Rfe1 Rae8 27. a4 h6
28. Bxf6 Qxf6 29. Nd5 Qf5 30. Nxe7 Rxe7 31. Rf1 h5 32. Rbd1 Bc7 33. Qb5 Qf3 34.
Qg5 Rf7 35. Rde1 Bb6 36. Qb5 Bxf2 37. Qe8+ Rf8 38. Qe5 h4 39. Qg5 hxg3+ 0-1

[Event "Final Mistrzostw Polski Mlodzikow do lat 10 - Chlopcy"]
[Site "Szczyrk"]
[Date "1899-12-30"]
[Round "8.13"]
[White "Konieczny, Marek"]
[Black "Adamala, Tomasz"]
[Result "1-0"]
[WhiteTitle "II"]
[BlackTitle "II"]
[WhiteElo "1166"]
[BlackElo "1049"]

1. e4 e5 2. Bc4 Nf6 3. d3 c6 4. Nf3 d5 5. Bb3 Bd6 6. Nc3 dxe4 7. dxe4 O-O 8. h3
h6 9. Be3 Qe7 10. Nd2 Rd8 11. Qe2 b6 12. g4 Ba6 13. Qf3 Bc5 14. O-O-O Bd4 15.
Ne2 c5 16. Bxd4 cxd4 17. Ng3 Nbd7 18. Nf5 Qb4 19. a3 Qc5 20. h4 b5 21. g5 Nh7
22. Nxh6+ gxh6 23. Qxf7+ Kh8 24. g6 Nhf6 25. g7+ Kh7 26. g8=Q# 1-0